000 00425nam a2200181Ia 4500
005 20250603144836.0
008 250603s9999 xx 000 0 und d
020 _a9780367654993
050 _aTK 3001 .G66/
100 _aGönen, Turan
245 0 _aElectric Power Distribution Engineering
260 _aBoca Raton
260 _bCRC Press
260 _c2024
300 _a462 p
650 _aBoca Raton
942 _cBK
999 _c40113
_d40113